[Event "XII Weekend A"]
[Site "Nichelino ITA"]
[Date "2011.10.07"]
[Round "2"]
[White "Combina, Gabriele"]
[Black "Manunta, Andrea"]
[Result "1/2-1/2"]
[WhiteElo "1756"]
[BlackElo "1770"]
[PlyCount "85"]
[EventDate "2011.10.06"]

1. d4 e6 2. Bf4 Nf6 3. e3 b6 4. Nf3 Bb7 5. Bd3 Bb4+ 6. c3 Be7 7. Nbd2 d6 8. Qe2
Nh5 9. h4 Nxf4 10. exf4 Qd7 11. O-O Nc6 12. Rfe1 g6 13. Bb5 a6 14. Ba4 b5 15.
Bb3 d5 16. a3 O-O 17. Ne5 Nxe5 18. Qxe5 Bd6 19. Qe3 Rfc8 20. g4 c5 21. dxc5
Bxc5 22. Qd3 Bd6 23. Qe3 Qc6 24. Qf3 Qb6 25. f5 Rf8 26. Bc2 d4 27. Qe2 dxc3 28.
bxc3 exf5 29. gxf5 Qc5 30. Ne4 Bxe4 31. Qxe4 Qxc3 32. fxg6 hxg6 33. Qd3 Qc7 34.
Rac1 Qb6 35. Bb3 Bf4 36. Rc2 Bh6 37. Qd5 Rad8 38. Qe4 Qd6 39. Rc6 Qd4 40. Rxg6+
Kh7 41. Qxd4 Rxd4 42. Rxa6 Rxh4 43. Re7 1/2-1/2

[Event "XII Weekend A"]
[Site "Nichelino ITA"]
[Date "2011.10.07"]
[Round "2"]
[White "Davi, Alessandro"]
[Black "Faraoni, Enrico"]
[Result "1/2-1/2"]
[WhiteElo "2057"]
[BlackElo "2104"]
[PlyCount "26"]
[EventDate "2011.10.06"]

1. d4 d5 2. Nf3 e6 3. c4 c5 4. e3 Nf6 5. Nc3 Nc6 6. g3 a6 7. Bg2 Be7 8. O-O h6
9. cxd5 exd5 10. dxc5 Bxc5 11. Nd4 Bxd4 12. exd4 O-O 13. Be3 Be6 1/2-1/2

[Event "XII Weekend A"]
[Site "Nichelino ITA"]
[Date "2011.10.07"]
[Round "2"]
[White "Di Chiara, Mauro"]
[Black "Topczewski, Damian"]
[Result "1/2-1/2"]
[WhiteElo "1966"]
[BlackElo "2189"]
[PlyCount "83"]
[EventDate "2011.10.06"]

1. d4 b6 2. c4 Bb7 3. Nc3 Nf6 4. Qc2 e6 5. e4 Bb4 6. Bd3 c5 7. d5 d6 8. Nge2 e5
9. O-O Bxc3 10. Nxc3 O-O 11. f4 Nbd7 12. f5 Ne8 13. Qf2 a6 14. a4 f6 15. Qh4
Qe7 16. Rf3 g5 17. fxg6 hxg6 18. Rh3 Kf7 19. Qh7+ Ng7 20. Rh6 Ke8 21. Qxg6+ Rf7
22. Rh8+ Nf8 23. Bh6 Kd7 24. Qg4+ Kc7 25. Rg8 Ne8 26. Bxf8 Rxf8 27. Rxf8 Qxf8
28. a5 bxa5 29. Qd1 Qh6 30. Be2 Ng7 31. Qa4 Rh8 32. Qxa5+ Kb8 33. h3 f5 34. Qb6
fxe4 35. Rxa6 Nf5 36. Nd1 Nd4 37. Bg4 e3 38. Ra7 Rh7 39. Rxb7+ Rxb7 40. Qd8+
Ka7 41. Qa5+ Kb8 42. Qd8+ 1/2-1/2

[Event "XII Weekend A"]
[Site "Nichelino ITA"]
[Date "2011.10.07"]
[Round "2"]
[White "Drago, Paolo"]
[Black "Macario, Marco"]
[Result "1-0"]
[WhiteElo "1735"]
[BlackElo "1829"]
[PlyCount "119"]
[EventDate "2011.10.06"]

1. d4 d5 2. Nf3 Nf6 3. c4 dxc4 4. Nc3 a6 5. a4 Bf5 6. e3 Nc6 7. Bxc4 e6 8. O-O
Bd6 9. Re1 Ne4 10. Bd3 Nxc3 11. bxc3 Bg4 12. e4 O-O 13. e5 Be7 14. Qc2 h6 15.
Be4 Na5 16. Be3 Rb8 17. Nd2 f5 18. exf6 Bxf6 19. f4 Bh4 20. g3 Be7 21. Nf3 Nc4
22. Bf2 c5 23. Qd3 b5 24. Ne5 Nxe5 25. Bh7+ Kh8 26. Rxe5 cxd4 27. Bxd4 Bf6 28.
Re3 Bxd4 29. cxd4 bxa4 30. Rxa4 a5 31. Re5 Rb4 32. Rexa5 Rxa4 33. Rxa4 Qb6 34.
Be4 Rc8 35. Ra1 Qb2 36. Rb1 Rc1+ 37. Rxc1 Qxc1+ 38. Kg2 Qe1 39. Qc2 Bf5 40.
Qc8+ Kh7 41. Bxf5+ exf5 42. Qxf5+ Kh8 43. Qd3 Qc1 44. d5 Qb2+ 45. Kh3 Qf6 46.
d6 Qe6+ 47. Kg2 Qa2+ 48. Kf3 Qa8+ 49. Ke3 Qa7+ 50. Qd4 Qa3+ 51. Ke4 Qa8+ 52.
Qd5 Qa4+ 53. Kf5 Qc2+ 54. Ke6 Qg6+ 55. Kd7 Qc2 56. Ke7 Qg6 57. Qe6 Qd3 58. Kf8
Qh7 59. d7 g5 60. Qf6+ 1-0

[Event "XII Weekend A"]
[Site "Nichelino ITA"]
[Date "2011.10.07"]
[Round "2"]
[White "Finocchiaro, Gianluca"]
[Black "Martin, Tiziano"]
[Result "1/2-1/2"]
[WhiteElo "2108"]
[BlackElo "1948"]
[PlyCount "41"]
[EventDate "2011.10.06"]

1. e4 e5 2. Nf3 Nc6 3. d4 d6 4. Bc4 Be7 5. Nc3 Nf6 6. h3 O-O 7. O-O a6 8. a4
Nxe4 9. Nxe4 d5 10. Nxe5 Nxe5 11. dxe5 dxc4 12. Qe2 Qd4 13. Nc3 Be6 14. Kh1 Qh4
15. f4 Bxh3 16. Kg1 Bc5+ 17. Be3 Bg4 18. Qf2 Qxf2+ 19. Kxf2 Bxe3+ 20. Kxe3 Bf5
21. Ne4 1/2-1/2

[Event "XII Weekend A"]
[Site "Nichelino ITA"]
[Date "2011.10.07"]
[Round "2"]
[White "Guarneri, Giuseppe"]
[Black "De Renzi, Giuseppe"]
[Result "1-0"]
[WhiteElo "1853"]
[BlackElo "1529"]
[PlyCount "89"]
[EventDate "2011.10.06"]

1. e4 d6 2. d4 Nf6 3. Bd3 e5 4. f4 Nc6 5. Nf3 Bg4 6. c3 exd4 7. O-O Qd7 8. Nbd2
O-O-O 9. Qa4 Qe8 10. Nxd4 Nxd4 11. Qxd4 Kb8 12. f5 Qe5 13. Nc4 Qc5 14. h3 Qxd4+
15. cxd4 d5 16. exd5 Rxd5 17. hxg4 Rxd4 18. Be2 Bc5 19. b4 Rd2+ 20. bxc5 Rxe2
21. g5 Ne4 22. Be3 Nc3 23. Rf2 Re8 24. Rxe2 Nxe2+ 25. Kf2 Nc3 26. Rh1 b6 27.
cxb6 axb6 28. Kf3 b5 29. Nd2 Nd5 30. Bd4 f6 31. gxf6 gxf6 32. Rxh7 Kb7 33. Ne4
Re7 34. Rxe7 Nxe7 35. g4 Kc6 36. Bxf6 Ng8 37. Bg7 Ne7 38. Bf8 Ng8 39. g5 Kd7
40. Kf4 Ke8 41. Bc5 Ne7 42. f6 Ng6+ 43. Kf5 Kf7 44. Bf2 Nh8 45. Nc5 1-0

[Event "XII Weekend A"]
[Site "Nichelino ITA"]
[Date "2011.10.07"]
[Round "2"]
[White "Guerra, Mirko"]
[Black "Crepaldi, Manuele"]
[Result "1-0"]
[WhiteElo "1784"]
[BlackElo "1842"]
[PlyCount "51"]
[EventDate "2011.10.06"]

1. Nf3 g6 2. g3 f5 3. Bg2 Nf6 4. O-O d6 5. d3 e5 6. Nbd2 Bg7 7. Re1 Nc6 8. e4
Be6 9. c3 h6 10. d4 Bf7 11. exf5 gxf5 12. dxe5 dxe5 13. Nxe5 Nxe5 14. Rxe5+ Kf8
15. Qe1 Qd7 16. Qe3 Kg8 17. Re7 Qd6 18. Qe5 Qd3 19. Qxc7 Rf8 20. Bf1 Qc2 21.
Bc4 Qd1+ 22. Kg2 Nd5 23. Bxd5 Bxd5+ 24. f3 Bf6 25. Qd6 Bxe7 26. Qg6# 1-0

[Event "XII Weekend A"]
[Site "Nichelino ITA"]
[Date "2011.10.07"]
[Round "2"]
[White "Moncelli, Giorgio"]
[Black "Bonino, Matteo"]
[Result "1-0"]
[WhiteElo "2081"]
[BlackElo "1851"]
[PlyCount "63"]
[EventDate "2011.10.06"]

1. d4 e6 2. e4 d5 3. e5 c5 4. c3 Qb6 5. Nf3 Nc6 6. a3 Nh6 7. b4 cxd4 8. cxd4
Nf5 9. Bb2 Bd7 10. Be2 Be7 11. O-O a6 12. Qd2 f6 13. Bd3 O-O 14. Bxf5 exf5 15.
Nc3 Be6 16. Na4 Qc7 17. Rac1 Rac8 18. Rfe1 Rfe8 19. Nc5 Bxc5 20. dxc5 fxe5 21.
Bxe5 Qd7 22. Bd6 h6 23. a4 Bf7 24. b5 axb5 25. axb5 Na7 26. Ne5 Rxe5 27. Rxe5
Nxb5 28. Re7 Qc6 29. Be5 b6 30. Qf4 bxc5 31. Qxf5 Rf8 32. Qg4 1-0

[Event "XII Weekend A"]
[Site "Nichelino ITA"]
[Date "2011.10.07"]
[Round "2"]
[White "Pulito, Alberto"]
[Black "D'Agostino, Maurizio"]
[Result "1-0"]
[WhiteElo "2267"]
[BlackElo "2052"]
[PlyCount "41"]
[EventDate "2011.10.06"]

1. e4 c5 2. a3 e6 3. b4 a6 4. bxc5 Bxc5 5. d4 Be7 6. Bd3 Nc6 7. Nf3 d6 8. O-O
Qc7 9. Bb2 Bf6 10. Re1 Qb6 11. Bc3 e5 12. Nbd2 Bg4 13. Nc4 Qc7 14. d5 b5 15.
Ne3 Bxf3 16. Qxf3 Nce7 17. Bb4 Nh6 18. c4 a5 19. Bd2 bxc4 20. Nxc4 O-O 21. Bxh6
1-0

[Event "XII Weekend A"]
[Site "Nichelino ITA"]
[Date "2011.10.07"]
[Round "2"]
[White "Salerno, Carmine"]
[Black "Raccanello, Ivano"]
[Result "0-1"]
[WhiteElo "1666"]
[BlackElo "1799"]
[PlyCount "120"]
[EventDate "2011.10.06"]

1. c4 f5 2. e3 Nf6 3. Nc3 g6 4. Nge2 Bg7 5. d4 O-O 6. g3 d6 7. Bg2 c6 8. O-O e5
9. dxe5 dxe5 10. Qc2 Na6 11. a3 Be6 12. b3 Qe7 13. Bb2 Rad8 14. Na4 e4 15. Nd4
Nd7 16. Nxe6 Qxe6 17. Bxg7 Kxg7 18. b4 Ne5 19. Nb2 Rd7 20. Rfd1 Rfd8 21. Bf1
Qf6 22. c5 Rd2 23. Rxd2 Rxd2 24. Qb3 Rxb2 25. Qa4 Nd3 26. Bxd3 exd3 27. Rd1 Qd8
28. b5 Rxb5 29. Qf4 Rxc5 30. e4 fxe4 31. Qxe4 d2 32. Qb1 Rc1 33. Rxc1 dxc1=Q+
34. Qxc1 Qf6 35. Qe3 b6 36. Qd3 Nc5 37. Qe3 Ne6 38. Kg2 c5 39. Qe4 Nd4 40. Qb7+
Qf7 41. Qe4 Qf3+ 42. Qxf3 Nxf3 43. Kxf3 Kf6 44. Ke4 Ke6 45. f4 b5 46. g4 b4 47.
axb4 cxb4 48. Kd3 Kd5 49. h4 a5 50. h5 a4 51. hxg6 hxg6 52. f5 gxf5 53. gxf5
Ke5 54. f6 Kxf6 55. Kc4 a3 56. Kb3 Ke5 57. Ka2 Kd4 58. Kb3 Kd3 59. Ka2 Kc3 60.
Kb1 b3 0-1

[Event "XII Weekend A"]
[Site "Nichelino ITA"]
[Date "2011.10.07"]
[Round "2"]
[White "Yao, Stefano"]
[Black "Gussone, Claudio"]
[Result "1-0"]
[WhiteElo "1635"]
[BlackElo "1785"]
[PlyCount "99"]
[EventDate "2011.10.06"]

1. d4 f5 2. Bg5 d6 3. e3 Nd7 4. Bd3 Ndf6 5. Nc3 c6 6. Nf3 h6 7. Bh4 Qc7 8. Bg3
g6 9. Qe2 Nh5 10. Nh4 Nxg3 11. hxg3 Kf7 12. g4 e6 13. gxf5 exf5 14. g4 g5 15.
Nxf5 Bxf5 16. Bxf5 Nf6 17. O-O-O d5 18. e4 dxe4 19. Nxe4 Nxe4 20. Qxe4 Qf4+ 21.
Qxf4 gxf4 22. Rde1 Bg7 23. Re4 Bf6 24. c3 Rae8 25. Rxe8 Kxe8 26. Bg6+ Kd7 27.
Re1 Rg8 28. Bh5 Rg7 29. Kd2 Re7 30. Rxe7+ Bxe7 31. Kd3 Kd6 32. Ke4 Bg5 33. f3
Ke6 34. Bg6 Kd6 35. c4 b6 36. Bf7 Ke7 37. Bg6 Kd6 38. Bf5 a5 39. b3 Ke7 40. a3
Kd6 41. b4 Ke7 42. bxa5 bxa5 43. d5 Kd6 44. dxc6 Kxc6 45. Ke5 Kc5 46. Be6 Kc6
47. Bg8 Kc5 48. Bd5 Kb6 49. Kd6 Bf6 50. c5+ 1-0

[Event "XII Weekend A"]
[Site "Nichelino ITA"]
[Date "2011.10.08"]
[Round "3"]
[White "Anton, Marian"]
[Black "Negro, Francesco P."]
[Result "1-0"]
[WhiteElo "1488"]
[BlackElo "1823"]
[PlyCount "75"]
[EventDate "2011.10.06"]

1. e4 d5 2. exd5 Qxd5 3. Nc3 Qa5 4. Bc4 Nf6 5. Qf3 Nc6 6. Qg3 Bf5 7. d3 Bg6 8.
Bd2 Qe5+ 9. Nge2 e6 10. Bf4 Qc5 11. Bxc7 Nh5 12. Qf3 Bd6 13. Nb5 Bxc7 14. Nxc7+
Kd7 15. Nxa8 Qb4+ 16. c3 Qxb2 17. O-O Ne5 18. Qe3 Nxc4 19. dxc4 Rxa8 20. Nf4
Nxf4 21. Qxf4 Rc8 22. Qd4+ Ke7 23. Rad1 Ra8 24. Qd6+ Kf6 25. Qf4+ Ke7 26. Rd2
Qb6 27. Rfd1 f6 28. Rd6 Qc7 29. Qd4 Be8 30. c5 e5 31. Qg4 Kf8 32. Rd7 Bxd7 33.
Rxd7 Qxc5 34. Qxg7+ Ke8 35. Rc7 Qd6 36. Qg8+ Qf8 37. Qe6+ Kd8 38. Qd7# 1-0

[Event "XII Weekend A"]
[Site "Nichelino ITA"]
[Date "2011.10.08"]
[Round "3"]
[White "Biancotti, Alessandro"]
[Black "Guerra, Mirko"]
[Result "0-1"]
[WhiteElo "1906"]
[BlackElo "1784"]
[PlyCount "158"]
[EventDate "2011.10.06"]

1. e4 c5 2. Nf3 d6 3. d4 cxd4 4. Nxd4 Nf6 5. Nc3 g6 6. Be2 Bg7 7. O-O O-O 8.
Kh1 Nc6 9. Be3 a6 10. f4 Qe8 11. Bf3 Bd7 12. g4 Nxd4 13. Bxd4 Bc6 14. g5 Nd7
15. Bxg7 Kxg7 16. h4 f5 17. Qd4+ Kg8 18. e5 Bxf3+ 19. Rxf3 dxe5 20. fxe5 e6 21.
Re1 Rc8 22. Kg2 Rc6 23. Ref1 Qe7 24. R3f2 Rfc8 25. Rh1 Rc4 26. Qe3 Qc5 27. Qf3
Nxe5 28. Qxb7 Rg4+ 29. Kf1 Qc4+ 30. Ke1 Qc6 31. Qxc6 Rxc6 32. Re2 Nf3+ 33. Kf2
Nxh4 34. Rh2 Rcc4 35. Rxe6 Rcf4+ 36. Ke2 Nf3 37. Nd5 Nd4+ 38. Ke3 Rf3+ 39. Kd2
Nxe6 40. Nf6+ Kf8 41. Nxg4 fxg4 42. Rxh7 Nxg5 43. Rh4 Ne4+ 44. Ke2 Ng3+ 45. Kd2
Ne4+ 46. Ke2 Rg3 47. b4 Kg7 48. a4 g5 49. Rh1 Rc3 50. Ra1 g3 51. b5 axb5 52. a5
g2 53. a6 Ra3 54. Rg1 Rxa6 55. Rxg2 Kg6 56. Kd3 Ra4 57. Ke3 Nf6 58. Rg1 g4 59.
Rb1 Ra3+ 60. Kf2 Ne4+ 61. Kg2 Ra2 62. Rxb5 Rxc2+ 63. Kg1 Rf2 64. Rb4 Rf4 65.
Kg2 Kg5 66. Rb5+ Kh4 67. Rb4 Kg5 68. Ra4 Nd2 69. Ra2 Nf1 70. Ra8 Ne3+ 71. Kg3
Rf3+ 72. Kh2 g3+ 73. Kh3 g2+ 74. Kh2 Rf1 75. Rg8+ Kf4 76. Rf8+ Ke4 77. Re8+ Kd3
78. Rd8+ Ke2 79. Rg8 Rh1+ 0-1

[Event "XII Weekend A"]
[Site "Nichelino ITA"]
[Date "2011.10.08"]
[Round "3"]
[White "Bonino, Matteo"]
[Black "Drago, Paolo"]
[Result "1-0"]
[WhiteElo "1851"]
[BlackElo "1735"]
[PlyCount "153"]
[EventDate "2011.10.06"]

1. d4 d5 2. Bf4 e6 3. e3 c5 4. Nf3 Nc6 5. c3 Bd6 6. Bg3 b6 7. Ne5 Qc7 8. f4 Nf6
9. Nd2 Bb7 10. Bd3 O-O-O 11. Qe2 h6 12. Bf2 g5 13. g3 Rdg8 14. Ndf3 Nh7 15.
Nxc6 Bxc6 16. Ne5 Bb7 17. Qh5 Bxe5 18. fxe5 Nf8 19. g4 Qe7 20. Bg3 Nd7 21. O-O
Rf8 22. Qh3 f6 23. exf6 Rxf6 24. Rxf6 Qxf6 25. Rf1 Qg7 26. Qg2 e5 27. Bf5 exd4
28. cxd4 Qe7 29. Be5 Re8 30. Qg3 Bc6 31. Bg6 Rf8 32. Rxf8+ Qxf8 33. Bf5 Kb7 34.
Bxd7 Bxd7 35. h3 Qe8 36. Qf3 Qg6 37. Qd1 Qe4 38. Kf2 h5 39. gxh5 Bxh3 40. Qf3
Qc2+ 41. Kg3 Bd7 42. Qf6 Qf5 43. Qxf5 Bxf5 44. Bf6 Kc7 45. Bxg5 Kd7 46. Kf4 Ke6
47. Bd8 c4 48. Kg5 Be4 49. Bc7 Kf7 50. Kf4 Ke6 51. Kg3 Kf5 52. h6 Kg5 53. Bf4+
Kg6 54. Kf2 b5 55. a3 a5 56. Ke2 b4 57. Kd2 b3 58. Kc3 Bf5 59. Bc7 a4 60. Bf4
Be4 61. Kb4 Bc2 62. e4 Bxe4 63. Bd2 Kf6 64. Kxa4 Ke6 65. Kb5 Kd7 66. Kb6 Kc8
67. Kc6 Bh7 68. Kxd5 Bg8+ 69. Kc6 Bh7 70. d5 Be4 71. a4 Kb8 72. Kd7 Kb7 73. Ke7
Kb6 74. d6 Bf5 75. Kf6 Be4 76. d7 Kc7 77. Ke7 1-0

[Event "XII Weekend A"]
[Site "Nichelino ITA"]
[Date "2011.10.08"]
[Round "3"]
[White "Cacinschi, Alexandru"]
[Black "Finocchiaro, Gianluca"]
[Result "1-0"]
[WhiteElo "1989"]
[BlackElo "2108"]
[PlyCount "55"]
[EventDate "2011.10.06"]

1. c4 e5 2. Nc3 Nc6 3. Nf3 g6 4. g3 Bg7 5. Bg2 d6 6. d3 Nge7 7. Rb1 f5 8. Nd5
O-O 9. Bg5 h6 10. Bxe7 Nxe7 11. Nxe7+ Qxe7 12. O-O Be6 13. Nh4 Qf6 14. Bxb7
Rab8 15. Bd5 Bxd5 16. cxd5 g5 17. Ng2 f4 18. e4 f3 19. Ne3 Qg6 20. Qc2 Rf7 21.
Rfc1 h5 22. Qa4 Ra8 23. Qc6 Rb8 24. Qa6 h4 25. g4 c5 26. dxc6 Qe6 27. Qc4 Qf6
28. Nd5 1-0

[Event "XII Weekend A"]
[Site "Nichelino ITA"]
[Date "2011.10.08"]
[Round "3"]
[White "Crepaldi, Manuele"]
[Black "Davter, Mauro"]
[Result "1/2-1/2"]
[WhiteElo "1842"]
[BlackElo "1744"]
[PlyCount "114"]
[EventDate "2011.10.06"]

1. d4 Nf6 2. Nf3 e6 3. Nbd2 d5 4. e3 b6 5. Bd3 Bb7 6. O-O c5 7. c3 c4 8. Bc2
Bd6 9. b3 b5 10. bxc4 bxc4 11. Rb1 Qc7 12. Re1 Ne4 13. Nxe4 dxe4 14. Rxb7 Qxb7
15. Ba4+ Nd7 16. Ne5 Bxe5 17. dxe5 O-O-O 18. Qd4 Nb6 19. Qc5+ Qc7 20. Qb5 Rd5
21. Qb4 Nxa4 22. Qxa4 Ra5 23. Qb4 Rd8 24. Ba3 Rad5 25. Qa4 Ra5 26. Qb4 Rxe5 27.
Rb1 Red5 28. Qa4 a5 29. g3 Rd2 30. Kg2 Rxa2 31. Qb5 Rdd2 32. Qa6+ Kd8 33. Qa8+
Kd7 34. Rb7 Rxf2+ 35. Kh3 Rxh2+ 36. Kg4 f5+ 37. Kg5 h6+ 38. Kg6 Rxa3 39. Rxc7+
Kxc7 40. Qa7+ Kc6 41. Qa8+ Kc7 42. Qf8 Rb3 43. Qxg7+ Kc6 44. Qd4 Kb5 45. g4 Ka4
46. Qxc4+ Ka3 47. gxf5 exf5 48. Kxf5 Rh5+ 49. Kg4 Rbb5 50. Kg3 Rbg5+ 51. Kf2
Rf5+ 52. Kg2 Rhg5+ 53. Kh2 Rf2+ 54. Kh3 Rf3+ 55. Kh2 Rh5+ 56. Kg2 Rg5+ 57. Kh2
Rh5+ 1/2-1/2

[Event "XII Weekend A"]
[Site "Nichelino ITA"]
[Date "2011.10.08"]
[Round "3"]
[White "D'Agostino, Maurizio"]
[Black "Benenati, Gianfranco"]
[Result "1-0"]
[WhiteElo "2052"]
[BlackElo "1800"]
[PlyCount "105"]
[EventDate "2011.10.06"]

1. d4 Nf6 2. Nf3 d5 3. Bf4 e6 4. e3 Bd6 5. Ne5 Bxe5 6. dxe5 Ne4 7. Nd2 Nxd2 8.
Qxd2 Nd7 9. Qc3 c5 10. Bb5 Qb6 11. Be2 Qc7 12. O-O O-O 13. a4 b6 14. b4 c4 15.
Bf3 Bb7 16. a5 Bc6 17. Rfe1 Qb7 18. a6 Qc7 19. e4 dxe4 20. Bxe4 Bxe4 21. Rxe4
b5 22. Qg3 Kh8 23. Bg5 Rg8 24. Rh4 Nf8 25. Re1 Qd7 26. Qf3 Qd5 27. Qxf7 Qd7 28.
Qf3 Qd5 29. Qe2 Re8 30. Rd1 Qc6 31. Rd6 Qc7 32. Qd1 Qf7 33. Be3 Qf5 34. Rf4
Qxe5 35. Rf7 Ng6 36. Rdd7 Qe4 37. Rxa7 Rd8 38. Rfd7 Rxd7 39. Rxd7 Nh4 40. Qf1
Nf5 41. Bc5 Qc6 42. Ra7 h6 43. Qe2 Re8 44. h3 e5 45. Qg4 Qf6 46. Qe4 Nd6 47.
Qc6 Rd8 48. Ra8 Rxa8 49. Qxa8+ Kh7 50. Qc6 Ne8 51. Qxe8 Qxa6 52. Qxe5 Qg6 53.
Bd4 1-0

[Event "XII Weekend A"]
[Site "Nichelino ITA"]
[Date "2011.10.08"]
[Round "3"]
[White "De Renzi, Giuseppe"]
[Black "Barcellona, Antonino"]
[Result "0-1"]
[WhiteElo "1529"]
[BlackElo "1839"]
[PlyCount "56"]
[EventDate "2011.10.06"]

1. Nf3 Nf6 2. d4 d5 3. g3 g6 4. Bg2 Bg7 5. c4 c6 6. Nbd2 O-O 7. Qc2 Bf5 8. Qb3
b6 9. O-O Nbd7 10. Re1 Re8 11. Nh4 Be6 12. e4 dxc4 13. Qc2 b5 14. Nhf3 Nb6 15.
e5 Nfd5 16. Ne4 Nb4 17. Qd2 Nd3 18. Re2 Nd5 19. Ne1 N3b4 20. a3 Na6 21. Nc3 Rc8
22. Nxd5 cxd5 23. a4 b4 24. Nc2 c3 25. Qd3 Qb6 26. a5 Qb7 27. Ra4 Bf5 28. Qf3
cxb2 0-1

[Event "XII Weekend A"]
[Site "Nichelino ITA"]
[Date "2011.10.08"]
[Round "3"]
[White "Faraoni, Enrico"]
[Black "Guarneri, Giuseppe"]
[Result "1-0"]
[WhiteElo "2104"]
[BlackElo "1853"]
[PlyCount "79"]
[EventDate "2011.10.06"]

1. d4 c5 2. Nc3 cxd4 3. Qxd4 Nc6 4. Qa4 g6 5. h4 Bg7 6. h5 d6 7. Bd2 Bd7 8.
hxg6 fxg6 9. Qh4 Nd4 10. O-O-O b5 11. e4 Qa5 12. Kb1 b4 13. Bc4 O-O-O 14. Bxg8
Bf6 15. Qg3 Rdxg8 16. Nd5 Qc5 17. c3 b3 18. a3 Nc2 19. Nxf6 Nxa3+ 20. Kc1 Nc4
21. Nxd7 Qa5 22. Qd3 Kxd7 23. Ne2 Nxb2 24. Qb1 Nxd1 25. Rxd1 Rb8 26. Kb2 Rb6
27. Qa1 Qxa1+ 28. Rxa1 Ra8 29. Be3 Rb7 30. g4 a5 31. Ra4 e5 32. g5 Kc6 33. c4
Rab8 34. Rxa5 Rb4 35. Ra6+ Kd7 36. Ra7+ Ke6 37. Rc7 d5 38. cxd5+ Kd6 39. Rc6+
Kd7 40. Nc3 1-0

[Event "XII Weekend A"]
[Site "Nichelino ITA"]
[Date "2011.10.08"]
[Round "3"]
[White "Gallucci, Alessio"]
[Black "Moncelli, Giorgio"]
[Result "1-0"]
[WhiteElo "2227"]
[BlackElo "2081"]
[PlyCount "59"]
[EventDate "2011.10.06"]

1. e4 d5 2. exd5 Qxd5 3. Nc3 Qa5 4. d4 Nf6 5. Bc4 Bf5 6. Bd2 Qb6 7. Nf3 e6 8.
O-O c6 9. Re1 Be7 10. Na4 Qc7 11. Nc5 Nbd7 12. Nd3 O-O 13. h3 b5 14. Bb3 c5 15.
dxc5 Nxc5 16. Bf4 Bd6 17. Bxd6 Qxd6 18. Nxc5 Qxc5 19. Re5 Qc6 20. Qd4 Qb7 21.
Rd1 a5 22. a4 bxa4 23. Qxa4 Qc7 24. Ra1 Rfd8 25. c3 Nd7 26. Rxa5 Nc5 27. Rxa8
Nxa4 28. R1xa4 Be4 29. Rxd8+ Qxd8 30. Rxe4 1-0

[Event "XII Weekend A"]
[Site "Nichelino ITA"]
[Date "2011.10.08"]
[Round "3"]
[White "Gussone, Claudio"]
[Black "Salerno, Carmine"]
[Result "1-0"]
[WhiteElo "1785"]
[BlackElo "1666"]
[PlyCount "73"]
[EventDate "2011.10.06"]

1. e4 c5 2. Nf3 e6 3. g3 Nc6 4. Bg2 Bd6 5. O-O Nge7 6. d4 Ng6 7. d5 exd5 8.
exd5 Nce5 9. Re1 O-O 10. Ng5 f6 11. Ne4 Qc7 12. Nbc3 a6 13. b3 b5 14. Be3 Nf7
15. Nxd6 Nxd6 16. Qd2 Bb7 17. h4 Rae8 18. Re2 f5 19. h5 Ne5 20. Rae1 Ng4 21.
Bf4 Rxe2 22. Rxe2 Nf6 23. Bf3 Qb6 24. Re7 Nde4 25. Nxe4 fxe4 26. Bxe4 Nxe4 27.
Rxe4 Qf6 28. c4 b4 29. Qe2 d6 30. Re6 Qa1+ 31. Kg2 Bc8 32. Bxd6 Bxe6 33. Qxe6+
Kh8 34. Bxf8 Qf6 35. Qxf6 gxf6 36. d6 Kg8 37. d7 1-0

[Event "XII Weekend A"]
[Site "Nichelino ITA"]
[Date "2011.10.08"]
[Round "3"]
[White "Lombardi, Mariano"]
[Black "Pulito, Alberto"]
[Result "0-1"]
[WhiteElo "2061"]
[BlackElo "2267"]
[PlyCount "90"]
[EventDate "2011.10.06"]

1. e4 e6 2. d3 d5 3. Nd2 c5 4. Ngf3 Nc6 5. g3 Bd6 6. Bg2 Nge7 7. O-O O-O 8. Re1
Qc7 9. c3 f6 10. a3 a5 11. Nf1 a4 12. h4 Bd7 13. h5 d4 14. Nh4 e5 15. g4 b5 16.
Ng3 Na5 17. Nhf5 Nb3 18. Rb1 Rac8 19. Qf3 c4 20. dxc4 bxc4 21. cxd4 Nxd4 22.
Qc3 Nexf5 23. gxf5 Kh8 24. Be3 Nb5 25. Qd2 Rfd8 26. h6 g6 27. Qd5 Be8 28. fxg6
hxg6 29. Qe6 Be7 30. Bh3 Nd6 31. Qg4 Kh7 32. Nf5 Bd7 33. Qg2 Bf8 34. Nh4 g5 35.
Bf5+ Nxf5 36. exf5 Be8 37. Nf3 Bxh6 38. Qh2 Kg7 39. Nd2 Bc6 40. Nxc4 Be4 41.
Rbc1 Qb7 42. Nxe5 Bxf5 43. Nc4 Qf3 44. Nd6 Qg4+ 45. Kh1 Rxd6 0-1

[Event "XII Weekend A"]
[Site "Nichelino ITA"]
[Date "2011.10.08"]
[Round "3"]
[White "Macario, Marco"]
[Black "Calzolari, Marco"]
[Result "1/2-1/2"]
[WhiteElo "1829"]
[BlackElo "1711"]
[PlyCount "64"]
[EventDate "2011.10.06"]

1. e4 d5 2. exd5 Qxd5 3. Nc3 Qa5 4. Nf3 Bf5 5. d4 Nf6 6. Bd3 c6 7. O-O Bxd3 8.
Qxd3 e6 9. Re1 Bb4 10. Bd2 Nbd7 11. a3 Bxc3 12. Bxc3 Qc7 13. Rad1 O-O 14. Bb4
Rfe8 15. Ne5 Nxe5 16. dxe5 Nd5 17. Bd6 Qd7 18. Re4 Ne7 19. Bxe7 Qxd3 20. Rxd3
Rxe7 21. Red4 Rae8 22. f4 f6 23. exf6 gxf6 24. Rd6 Kf7 25. Kf2 e5 26. fxe5 Rxe5
27. Rd7+ R8e7 28. Rxe7+ Rxe7 29. Kf3 Kg6 30. g4 Kg5 31. h3 f5 32. gxf5 Kxf5
1/2-1/2

[Event "XII Weekend A"]
[Site "Nichelino ITA"]
[Date "2011.10.08"]
[Round "3"]
[White "Manunta, Andrea"]
[Black "Yao, Stefano"]
[Result "0-1"]
[WhiteElo "1770"]
[BlackElo "1635"]
[PlyCount "138"]
[EventDate "2011.10.06"]

1. d4 d5 2. c4 c6 3. Nf3 Nf6 4. e3 Bg4 5. Nbd2 e6 6. h3 Bh5 7. Qb3 Qb6 8. c5
Qc7 9. Be2 Nbd7 10. g4 Bg6 11. Nh4 Be7 12. Nxg6 hxg6 13. g5 Ne4 14. Nxe4 dxe4
15. Qc2 Bxg5 16. Qxe4 Rh4 17. Qg2 Be7 18. Bd2 O-O-O 19. O-O-O e5 20. Qg3 exd4
21. Qxc7+ Kxc7 22. exd4 Nf6 23. Ba5+ b6 24. cxb6+ axb6 25. Bc3 Ne4 26. Rde1 Bf6
27. Bf3 Nxf2 28. d5 Nd3+ 29. Kb1 Nxe1 30. Bxe1 cxd5 31. Bg3+ Kb7 32. Bxh4 Bxh4
33. Rd1 Kc6 34. Rc1+ Kd6 35. Rd1 Ke6 36. Rc1 Bg3 37. Rg1 Be5 38. Bg4+ f5 39.
Bf3 Kf6 40. Rc1 Rd6 41. b3 d4 42. Rc6 Kg5 43. Rxd6 Bxd6 44. Kc2 Kh4 45. Bg2 g5
46. Kd3 Bc5 47. Ke2 g4 48. hxg4 Kxg4 49. Kd3 g5 50. Kc4 f4 51. b4 Be7 52. Kxd4
f3 53. Bf1 Bxb4 54. Ke4 Kg3 55. Kf5 g4 56. Bc4 Kg2 57. Kxg4 f2 58. Kf4 f1=Q+
59. Bxf1+ Kxf1 60. Ke3 Ke1 61. Kd3 Kd1 62. Kc4 Ba5 63. Kb3 Kd2 64. Kb2 Kd3 65.
Kb3 Kd4 66. a3 b5 67. Kc2 Kc4 68. Kb2 Bc3+ 69. Kc2 Be5 0-1

[Event "XII Weekend A"]
[Site "Nichelino ITA"]
[Date "2011.10.08"]
[Round "3"]
[White "Marguati, Massimiano"]
[Black "Berutti, Mario"]
[Result "0-1"]
[WhiteElo "1947"]
[BlackElo "1786"]
[PlyCount "58"]
[EventDate "2011.10.06"]

1. d4 d5 2. c4 e6 3. cxd5 exd5 4. Nc3 f5 5. g3 Nf6 6. Bg2 c6 7. Nh3 Bd6 8. O-O
O-O 9. Bf4 Bxf4 10. Nxf4 Qe8 11. b4 Ne4 12. Rc1 g5 13. Nd3 Qh5 14. e3 Qh6 15.
b5 Nd7 16. f3 Nd6 17. e4 f4 18. Nb2 Nb6 19. bxc6 bxc6 20. exd5 cxd5 21. Qb3 Nf5
22. Nxd5 Nxd5 23. Qxd5+ Be6 24. Qc5 fxg3 25. hxg3 Ne3 26. Rfe1 Nxg2 27. Kxg2
Qh3+ 28. Kf2 Qh2+ 29. Kf1 Bh3# 0-1

[Event "XII Weekend A"]
[Site "Nichelino ITA"]
[Date "2011.10.08"]
[Round "3"]
[White "Martin, Tiziano"]
[Black "Angelini, Marco"]
[Result "1/2-1/2"]
[WhiteElo "1948"]
[BlackElo "2200"]
[PlyCount "92"]
[EventDate "2011.10.06"]

1. e4 c5 2. Nc3 Nc6 3. g3 g6 4. Bg2 Bg7 5. d3 e6 6. Be3 Nd4 7. Qd2 Ne7 8. Nd1
d6 9. c3 Ndc6 10. Nf3 O-O 11. Bh6 Rb8 12. h4 f6 13. h5 g5 14. Bxg7 Kxg7 15. h6+
Kg8 16. Ne3 d5 17. e5 Nxe5 18. Nxe5 fxe5 19. Ng4 Ng6 20. Rh5 b5 21. Rxg5 Rf5
22. Rxf5 exf5 23. Ne3 d4 24. cxd4 cxd4 25. Nc2 Be6 26. Nb4 Rc8 27. Nc6 Qd7 28.
Rc1 Bd5 29. Bxd5+ Qxd5 30. Ne7+ Nxe7 31. Rxc8+ Nxc8 32. Qg5+ Kf8 33. Qxf5+ Ke7
34. Qxc8 Qh1+ 35. Ke2 Qh5+ 36. g4 Qxh6 37. Qc5+ Qd6 38. Qxa7+ Ke8 39. Qxh7 Qc5
40. Qg8+ Ke7 41. Qb3 Kf6 42. Kf3 Qc1 43. Qxb5 Qf4+ 44. Ke2 Qxg4+ 45. Ke1 Qg1+
46. Ke2 Qg4+ 1/2-1/2